Biggest capital cities in the EU - Statistics

General Stats
  • This quiz has been taken 33 times
  • The average score is 8 of 10
Answer Stats
Hint Answer % Correct
3,460,725 Berlin
97%
8,173,941 London
97%
2,249,977 Paris
97%
3,198,645 Madrid
93%
2,873,494 Rome
93%
1,708,491 Warsaw
87%
1,729,040 Budapest
83%
1,903,299 Bucharest
80%
1,324,025 Sofia
73%
1,598,626 Viena
10%
No matching quizzes found
Score Distribution
Percent of People with Each Score
Percentile by Number Answered
Your Score History
You have not taken this quiz